00535nam a2200181Ia 4500008004100000020001200041082002500053100003500078245006200113260003800175260002300213260000900236300000900245500004300254650002700297650001300324650001600337260312s9999 xx 000 0 und d a6160971 a342.4 F363g 1988 HNA aFernández Segado, Francisco  0aEl gobierno municipal en el constitucionalismo español. aUniversidad Externado de Colombia bBogotá, Colombia c1988 a95p. aColección Humberto Nogueira Alcalá aDerecho constitucional aEspaña aMunicipios